Central and Eastern Europe in the Changing Business Environment 25th International Joint Conference
Saved in:
| Corporate Authors: | , , |
|---|---|
| Other Authors: | , , , |
| Format: | Book |
| Language: | English |
| Published: |
Bratislava
Vydavateľstvo EKONÓM, Bratislava University of Economics and Business
2025
|
| Edition: | 1st Edition |
| Subjects: | |
| Tags: |
No Tags, Be the first to tag this record!
|
MARC
| LEADER | 00000nlm a2200000 4500 | ||
|---|---|---|---|
| 001 | 0308740 | ||
| 005 | 20250627082230.6 | ||
| 020 | |a 978-80-225-5225-7 | ||
| 022 | |a 2453-6113 | ||
| 041 | 0 | |a eng | |
| 044 | |a SK | ||
| 245 | 1 | 0 | |a Central and Eastern Europe in the Changing Business Environment |b 25th International Joint Conference |c Compiled by: Lucia Uderianová, Martin Schmidt ; Reviewers: Issam Abdallah Kareem, Artem Artiukhov ... [et al.] |
| 250 | |a 1st Edition | ||
| 264 | 1 | |a Bratislava |b Vydavateľstvo EKONÓM, Bratislava University of Economics and Business |c 2025 | |
| 300 | |a 399 s. [20 AH] | ||
| 610 | 2 | 0 | |a prostredie podnikateľské |
| 610 | 2 | 0 | |a obchod medzinárodný |
| 610 | 2 | 0 | |a východná Európa |
| 610 | 2 | 0 | |a stredná Európa |
| 700 | 1 | |a Uderianová, Lucia, 1999- | |
| 700 | 1 | |a Schmidt, Martin, 2000- | |
| 700 | 1 | |a Kareem, Issam Abdallah | |
| 700 | 1 | |a Artiukhov, Artem, 1983- | |
| 110 | 2 | |a Central and Eastern Europe in the Changing Business Environment. International Joint Conference | |
| 710 | 2 | |a Fakulta mezinárodních vztahů VŠE. Katedra mezinárodního obchodu | |
| 710 | 2 | |a Ekonomická univerzita v Bratislave. Obchodná fakulta | |